Libri proibiti : [quattro secoli di censura cattolica] /

Guardat en:
Dades bibliogràfiques
Autors principals: La Mantia, Benito (Autor), Cucca, Gabriella (Autor)
Format: Llibre
Idioma:italià
Publicat: Viterbo : Stampa alternativa-Nuovi equilibri, [2007]
Col·lecció:Eretica
Matèries:
Etiquetes: Afegir etiqueta
Sense etiquetes, Sigues el primer a etiquetar aquest registre!

MARC

LEADER 00000nam a2200000 i 4500
001 IT\ICCU\MIL\0720820
003 ItRI
005 20260115232139.0
008 070309s2007 it |||||| ||||| |||||c
015 |2 IT  |a 2007-9371 
020 |a 9788872269619 
040 |b ita  |c importazione bologna sebina 
041 7 |a ita  |2 ISO-639-2 
082 |a 262.9  |9 DIRITTO E LEGGI DELLA CHIESA  |2 21 
100 1 |a La Mantia, Benito  |0 IT\ICCU\CFIV\009719  |4 aut 
245 1 0 |a Libri proibiti :  |b [quattro secoli di censura cattolica] /  |c Benito La Mantia, Gabriella Cucca. 
260 |a Viterbo :  |b Stampa alternativa-Nuovi equilibri,  |c [2007] 
300 |a 261 p. ;  |c 17 cm. 
650 7 |a Indice dei libri proibiti 
700 1 |a Cucca, Gabriella  |0 IT\ICCU\MILV\322051  |4 aut 
830 0 |a Eretica  |0 IT\ICCU\LO1\0401876 
942 |2 ddc  |c BK  |n 0 
952 |0 0  |1 0  |4 0  |6 DOC_098_110000000000000_LAM  |7 0  |9 20854  |a BO  |b BO  |d 2026-01-15  |i 11155  |l 0  |o DOC 098.11 LAM  |p BO11155  |r 2026-01-15 23:21:39  |w 2026-01-15  |x [Sebina 5] [1 v.]  |y BK  |z 1 v. 
999 |c 17816  |d 17816